Entry Personal Name
Number of records used in: 1
001 - CONTROL NUMBER
003 - CONTROL NUMBER IDENTIFIER
005 - DATE AND TIME OF LATEST TRANSACTION
- control field:
20180206121952.0
008 - FIXED-LENGTH DATA ELEMENTS
- fixed length control field:
180206|| aca||aabn | a|a d
040 ## - CATALOGING SOURCE
- Original cataloging agency:
OSt
- Transcribing agency:
OSt
100 ## - HEADING--PERSONAL NAME
- Personal name:
Gillies, Alan C.
670 ## - SOURCE DATA FOUND
- Source citation:
Work cat.: (OSt)188: Gillies, Alan C., Software Quality: Theory & Management, 2003